| 000 | 01141nam a2200289 i 4500 | ||
|---|---|---|---|
| 001 | normy2008 | ||
| 003 | BPK | ||
| 005 | 20200804090512.0 | ||
| 008 | 121231s pl a f u |000 0 pol | ||
| 040 | _cBPK | ||
| 041 | _apol | ||
| 084 | _aICS 85.060 | ||
| 245 |
_aPapier i tektura : _bwymagania zdrowotne dotyczące materiałów stosowanych do bezpośredniego kontaktu z żywnością. |
||
| 246 | _aPN-P-50430:1998 | ||
| 250 | _aZatwierdzono: 1998.01.28 | ||
| 260 |
_aWarszawa : _bPolski Komitet Normalizacyjny, _c1998. |
||
| 520 | _aUstalono wymagania dotyczące jakości zdrowotnej papierów i tektur zadrukowanych lub niezadrukowanych, przeznaczonych do bezpośredniego kontaktu z żywnością. Podano wykaz wymagań oraz odpowiadające im metody badań. | ||
| 653 | _apapier | ||
| 653 | _atektura | ||
| 653 | _apakowanie | ||
| 653 | _ahigiena | ||
| 653 | _aprodukty spożywcze | ||
| 710 | _aNKP nr 25 ds. Mas Włóknistych, Papieru, Tektury i ich Przetworów | ||
| 856 |
_uhttp://koha.tu.koszalin.pl/cgi-bin/koha/opac-detail.pl?biblionumber=73194 _yKatalog online BPK |
||
| 942 | _cNR | ||
| 998 |
_ceg _d2008.07.23 |
||
| 999 |
_c73194 _d73194 |
||